000 00435nam a2200193Ia 4500
005 20240823051149.0
008 240823s9999||||xx |||||||||||||| ||und||
020 _a978-81-264-3986-7
041 _aMALAYALAM
082 _A891.443 Q2
100 _aRabindranath Tagore
245 0 _aYaogayog
250 _a1st
260 _c2012
_b"D C Books,Kot"
500 _aYES
650 _aNovel
_bEnglish
942 _cBK
999 _c218939
_d218939